Narrative Forms in Literature - Statistics

General Stats
  • This quiz has been taken 62 times
  • The average score is 7 of 22
Answer Stats
Example Form % Correct
Hamlet Play
80%
Gone with the Wind Epic
70%
The Diary of a Young Girl Autobiography
65%
The Yearling Novel
65%
Angela's Ashes Biography
61%
The Lion and the Mouse Fable
48%
The Hobbit Fantasy
43%
The Lottery Short Story
41%
Eat, Pray, Love Memoir
30%
The War of the Worlds Novella
30%
Paradise Lost Epic Poem
28%
Paul Bunyan Legend
24%
The Scarlet Letter Historical Fiction
22%
The Prodigal Son Parable
19%
Hansel and Gretel Folk Tale
15%
Oedipus Rex Myth
15%
Davy Crockett Tall Tale
7%
Slaughterhouse-Five Nonlinear Narrative
2%
Wonder Realistic Fiction
2%
The History of Maria Kittle Captivity Narrative
0%
Structure of DNA Discovered News
0%
The Odyssey Quest Narrative
0%
No matching quizzes found
Score Distribution
Percent of People with Each Score
Percentile by Number Answered
Your Score History
You have not taken this quiz